000 01230nam a22002897a 4500
001 000565
003
005 20251113081319.0
007 ta
008 161018b 2017 xx |||| 00| 0 spa d
020 _a 97812600025896
040 _aDO-SdBPM
_bspa
_cBPMSU
_erda
082 4 _a006.22068
_bSI616l 2017
_222
100 1 _aSinclair, Bruce
_eautor
245 1 0 _a LoT Inc. :
_b how your company can use the internet of things to win in the outcome economy /
_cBruce Sinclair.
260 0 _a
_b
_c
264 _a New York :
_bMcGraw-Hill Education,
_c2017
300 _axxii, 1016 p. :
_bil. ;
_c27 cm.
505 0 _tConocimientos básicos. --
_tWindows 7. --
_tMicrosoft Internet Explorer. --
_tMicrosoft Office XP. --
_tMicrosoft Word 2010. ---
_tHoja de cálculo: Excel 2010. --
_tBase de datos: Access 2010. --
_tPrograma de presentaciones: Power Point. --
_tAgenda de trabajo: Outlook XP. --
650 7 _aInternet
650 7 _aInternet en los negocios
650 7 _a Industria
_xInnovaciones tecnológicas
650 7 _a Industria de los computadores
_x Administración
650 7 _a Sistemas de almacenamiento y recuperación de información
_x
910 _aVMateo V. Control de calidad. BPMSU
942 _2ddc
_cBK
999 _c15501
_d15501